[Event "9. Open Club Ajedrez Ciudad los Angeles"]
[Site "Madrid ESP"]
[Date "2015.03.29"]
[Round "1.1"]
[White "Aziz Ortego, Omar Luis"]
[Black "Savchuk, Olga"]
[Result "1-0"]
[WhiteElo "2089"]
[BlackElo "1614"]
[PlyCount "37"]
[EventDate "2015.03.29"]
[EventType "swiss"]
[EventRounds "9"]
[EventCountry "ESP"]
[Source "lmi"]
[SourceDate "2015.03.29"]

1. c4 e5 2. Nc3 Nf6 3. g3 Be7 4. Bg2 O-O 5. e3 c5 6. Nge2 d6 7. O-O a6 8. d4
exd4 9. exd4 Qc7 10. Nf4 Nc6 11. Be3 Rb8 12. h3 b5 13. Nfd5 Nxd5 14. Nxd5 Qa7
15. cxb5 axb5 16. dxc5 dxc5 17. Nxe7+ Nxe7 18. Qd6 Rb6 19. Qxc5 1-0

[Event "9. Open Club Ajedrez Ciudad los Angeles"]
[Site "Madrid ESP"]
[Date "2015.03.29"]
[Round "1.2"]
[White "Melcon Diez, Enrique"]
[Black "Rodriguez Dorado, Victor"]
[Result "0-1"]
[WhiteElo "1597"]
[BlackElo "2034"]
[PlyCount "82"]
[EventDate "2015.03.29"]
[EventType "swiss"]
[EventRounds "9"]
[EventCountry "ESP"]
[Source "lmi"]
[SourceDate "2015.03.29"]

1. c4 e5 2. Nc3 Nf6 3. Nf3 Nc6 4. g3 Bb4 5. Nd5 Bc5 6. Bg2 O-O 7. O-O d6 8. d3
h6 9. a3 a5 10. Bd2 Nxd5 11. cxd5 Ne7 12. Qc1 Bb6 13. Bxh6 gxh6 14. Qxh6 Nf5
15. Qh5 Qf6 16. Ng5 Qh6 17. Qg4 Ng7 18. Qh4 Qxh4 19. gxh4 Nf5 20. h5 Kg7 21.
Be4 Rh8 22. Kh1 Rxh5 23. Rg1 Kf6 24. Nf3 Nh6 25. Nd2 Ng4 26. Rg2 Ke7 27. Bf3
Rh4 28. e3 Bd7 29. Rag1 Rah8 30. Nf1 f5 31. Bxg4 fxg4 32. Ng3 c6 33. dxc6 bxc6
34. Rc1 d5 35. b3 Kd6 36. Rc2 Bc5 37. Ra2 Rb8 38. d4 exd4 39. exd4 Bxd4 40. Rd2
c5 41. Rd3 Ke5 0-1

[Event "9. Open Club Ajedrez Ciudad los Angeles"]
[Site "Madrid ESP"]
[Date "2015.03.29"]
[Round "1.3"]
[White "Afana, Adham Jj"]
[Black "Ballesteros Jimenez, Miguel A"]
[Result "1-0"]
[WhiteElo "2009"]
[BlackElo "1592"]
[PlyCount "33"]
[EventDate "2015.03.29"]
[EventType "swiss"]
[EventRounds "9"]
[EventCountry "ESP"]
[Source "lmi"]
[SourceDate "2015.03.29"]

1. e4 c5 2. c3 g6 3. d4 cxd4 4. cxd4 Bg7 5. Nf3 d5 6. e5 Nc6 7. Bb5 e6 8. O-O
Nge7 9. Nc3 O-O 10. Bg5 Qb6 11. Qd2 Nf5 12. Bxc6 bxc6 13. g4 h6 14. gxf5 hxg5
15. f6 Bh8 16. Qxg5 Qd8 17. Qh4 1-0

[Event "9. Open Club Ajedrez Ciudad los Angeles"]
[Site "Madrid ESP"]
[Date "2015.03.29"]
[Round "1.4"]
[White "Ramos Antona, Enrique"]
[Black "Lopez Ziegler, Carlos"]
[Result "0-1"]
[WhiteElo "1584"]
[BlackElo "1970"]
[PlyCount "98"]
[EventDate "2015.03.29"]
[EventType "swiss"]
[EventRounds "9"]
[EventCountry "ESP"]
[Source "lmi"]
[SourceDate "2015.03.29"]

1. d4 d5 2. c4 c6 3. Nc3 dxc4 4. e4 b5 5. a4 b4 6. Na2 e5 7. Bxc4 Qxd4 8. Qc2
Nf6 9. Nf3 Qxe4+ 10. Qxe4 Nxe4 11. Nxe5 Nd6 12. Bb3 f6 13. Nd3 a5 14. O-O Na6
15. Bf4 Bf5 16. Rfe1+ Kd7 17. Rad1 Bxd3 18. Rxd3 Nc5 19. Rde3 Re8 20. Rxe8 Nxe8
21. Bc4 Bd6 22. Rd1 Nxa4 23. b3 Nc5 24. Bf7 Nb7 25. Nc1 Kc7 26. Nd3 Rf8 27. Bc4
g5 28. Bg3 Bxg3 29. fxg3 Ned6 30. Nb2 Re8 31. Kf2 Nc5 32. Nd3 Nxd3+ 33. Bxd3 h6
34. Kf3 Re5 35. Rc1 c5 36. g4 Kb6 37. g3 Nb5 38. Bxb5 Kxb5 39. h4 a4 40. bxa4+
Kxa4 41. Ra1+ Kb5 42. Ra8 c4 43. Rf8 c3 44. hxg5 hxg5 45. Rc8 Rc5 46. Rb8+ Kc4
47. Ke2 Rd5 48. Rc8+ Kb3 49. Rc6 c2 0-1

[Event "9. Open Club Ajedrez Ciudad los Angeles"]
[Site "Madrid ESP"]
[Date "2015.03.29"]
[Round "1.5"]
[White "Largo Barbero, Benito"]
[Black "Martin Garcia, Francisco Javie"]
[Result "1-0"]
[WhiteElo "1961"]
[BlackElo "1576"]
[PlyCount "74"]
[EventDate "2015.03.29"]
[EventType "swiss"]
[EventRounds "9"]
[EventCountry "ESP"]
[Source "lmi"]
[SourceDate "2015.03.29"]

1. e4 c5 2. Nc3 Nc6 3. g3 g6 4. Bg2 Bg7 5. d3 d6 6. Be3 e6 7. Qd2 Nge7 8. Bh6
Bd4 9. Nd1 d5 10. c3 Be5 11. f4 Bc7 12. e5 Ba5 13. Nf3 Nd4 14. Nxd4 cxd4 15.
Bg7 Rg8 16. Bf6 Qc7 17. O-O dxc3 18. bxc3 Bd7 19. Qb2 Rc8 20. Rc1 Ba4 21. Qa3
Qc5+ 22. Qxc5 Rxc5 23. Nb2 Bb5 24. c4 Ba6 25. Rfd1 Bb6 26. Kh1 Rc8 27. cxd5
Rxc1 28. Rxc1 exd5 29. Na4 Kd7 30. Nxb6+ axb6 31. Bxe7 Kxe7 32. Rc7+ Kf8 33.
Bxd5 Rg7 34. d4 Ke8 35. e6 fxe6 36. Rxg7 exd5 37. Rxh7 Bd3 1-0

[Event "9. Open Club Ajedrez Ciudad los Angeles"]
[Site "Madrid ESP"]
[Date "2015.03.29"]
[Round "1.6"]
[White "Lopez Ziegler, Juan Jose"]
[Black "Pindado Campos, Raul"]
[Result "0-1"]
[WhiteElo "1573"]
[BlackElo "1919"]
[PlyCount "140"]
[EventDate "2015.03.29"]
[EventType "swiss"]
[EventRounds "9"]
[EventCountry "ESP"]
[Source "lmi"]
[SourceDate "2015.03.29"]

1. d4 Nf6 2. Bf4 d6 3. e3 g6 4. h3 Bg7 5. c4 O-O 6. Nc3 a6 7. Nf3 Nbd7 8. Be2
c5 9. d5 Rb8 10. Qc2 Qa5 11. O-O b5 12. cxb5 axb5 13. a4 b4 14. Nb5 Nxd5 15.
Bh2 Ra8 16. Rad1 Nc7 17. b3 Nf6 18. Nxc7 Qxc7 19. Nd4 Qb6 20. Bf3 Bb7 21. Bxb7
Qxb7 22. Nb5 Ne8 23. Rc1 Nc7 24. Nxc7 Qxc7 25. Qe4 Ra7 26. Rfd1 Rc8 27. Qc4 Qc6
28. e4 Qa6 29. Qxa6 Rxa6 30. Rc4 Rac6 31. Rd5 Bd4 32. g4 f6 33. g5 fxg5 34. Kg2
e5 35. f3 Kf7 36. Bg1 Bxg1 37. Kxg1 Ke6 38. Kf2 Rf8 39. Kg3 Rc7 40. Rd3 Rcf7
41. Rc1 h5 42. Rcd1 Rd7 43. Rc1 Rc7 44. Rc4 Rcf7 45. Rc1 Ke7 46. Rcd1 Rf6 47.
Ra1 Rf4 48. Rad1 R4f6 49. Rc1 Rc8 50. Rc4 Kd7 51. Rd5 Kc6 52. Rc1 Rcf8 53. Rd3
Rf4 54. Rc4 g4 55. hxg4 hxg4 56. fxg4 g5 57. Re3 Rf2 58. Rc1 Rb2 59. Rh1 Rff2
60. Rc1 Rg2+ 61. Kh3 Rh2+ 62. Kg3 Rbg2+ 63. Kf3 Rh3+ 64. Kxg2 Rxe3 65. Rb1 Rxe4
66. Kf3 Rf4+ 67. Kg3 e4 68. Rb2 d5 69. Rf2 Rxf2 70. Kxf2 c4 0-1

[Event "9. Open Club Ajedrez Ciudad los Angeles"]
[Site "Madrid ESP"]
[Date "2015.03.29"]
[Round "1.7"]
[White "Tarrio Ocana, Jose Manuel"]
[Black "Huerto Moreno, Jorge"]
[Result "1-0"]
[WhiteElo "1840"]
[BlackElo "1572"]
[PlyCount "111"]
[EventDate "2015.03.29"]
[EventType "swiss"]
[EventRounds "9"]
[EventCountry "ESP"]
[Source "lmi"]
[SourceDate "2015.03.29"]

1. e4 e5 2. Nf3 Nc6 3. Bb5 a6 4. Ba4 Nf6 5. d3 d6 6. a3 Bg4 7. Be3 Be7 8. Nc3
O-O 9. h3 Be6 10. Ng5 Bd7 11. Bb3 Nd4 12. Ba2 c5 13. Nf3 Qc8 14. Nd5 Nxd5 15.
Bxd5 Be6 16. Bxe6 Qxe6 17. O-O Rab8 18. Nd2 f5 19. c3 Nc6 20. f4 Rf6 21. fxe5
Nxe5 22. Bg5 Rff8 23. exf5 Rxf5 24. Rxf5 Qxf5 25. Bxe7 Nxd3 26. Qf3 Qxf3 27.
Nxf3 d5 28. b4 c4 29. Ne1 Nf4 30. Kf2 Re8 31. Bc5 Ne2 32. Bd4 Nf4 33. Be3 Nh5
34. Rd1 Nf6 35. Bd4 Ne4+ 36. Kg1 Nd6 37. Nf3 Nb5 38. a4 Nxd4 39. Nxd4 Re3 40.
Rc1 g6 41. Kf2 Re8 42. Re1 Rf8+ 43. Kg1 Rf7 44. Re5 Rd7 45. Kf2 Kf7 46. Ke3 Rd6
47. Nf3 h6 48. Kd4 b5 49. a5 Kf6 50. Kc5 Re6 51. Rxe6+ Kxe6 52. Kb6 Kd6 53.
Kxa6 Kc6 54. Nd4+ Kc7 55. Kxb5 Kb7 56. Kc5 1-0

[Event "9. Open Club Ajedrez Ciudad los Angeles"]
[Site "Madrid ESP"]
[Date "2015.03.29"]
[Round "1.8"]
[White "Garcia-Mauriño Ayora, Gabriel"]
[Black "Peña Marina, Jose Maria"]
[Result "0-1"]
[WhiteElo "1554"]
[BlackElo "1815"]
[PlyCount "96"]
[EventDate "2015.03.29"]
[EventType "swiss"]
[EventRounds "9"]
[EventCountry "ESP"]
[Source "lmi"]
[SourceDate "2015.03.29"]

1. d4 Nf6 2. c4 g6 3. f3 d6 4. e4 Bg7 5. Be3 O-O 6. Nc3 e5 7. d5 a5 8. a4 Na6
9. Bd3 Nd7 10. b3 Ndc5 11. Bc2 f5 12. h3 f4 13. Bf2 Bf6 14. Nge2 Bh4 15. O-O
Bxf2+ 16. Rxf2 h5 17. Kh2 h4 18. Nc1 Qg5 19. N3e2 Kg7 20. Ra2 Nb4 21. Rb2 Rh8
22. Rf1 Rh5 23. Rg1 Bd7 24. Qe1 Rah8 25. Bb1 Qd8 26. Qd2 Rg5 27. Na2 Nca6 28.
Nxb4 Nxb4 29. Bd3 Qe8 30. Rbb1 Rg3 31. Nc3 Bxh3 32. Bf1 Bd7 33. Ne2 Qd8 34. Rh1
Qg5 35. Kg1 h3 36. Nxg3 Qxg3 37. Rh2 hxg2 38. Qxg2 Rxh2 39. Qxg3 fxg3 40. Bg2
b6 41. Rd1 Nc2 42. Rd2 Ne3 43. Re2 Nxg2 44. Rxg2 Rxg2+ 45. Kxg2 Kf6 46. Kxg3
Kg5 47. Kg2 Kf4 48. Kf2 Bh3 0-1

[Event "9. Open Club Ajedrez Ciudad los Angeles"]
[Site "Madrid ESP"]
[Date "2015.03.29"]
[Round "1.9"]
[White "Fernandez Bonilla, M. Arcangel"]
[Black "Gutierrez Soto, Sergio"]
[Result "1-0"]
[WhiteElo "1802"]
[BlackElo "1546"]
[PlyCount "78"]
[EventDate "2015.03.29"]
[EventType "swiss"]
[EventRounds "9"]
[EventCountry "ESP"]
[Source "lmi"]
[SourceDate "2015.03.29"]

1. Nf3 Nf6 2. c4 b6 3. g3 Bb7 4. Bg2 e6 5. O-O Be7 6. d4 O-O 7. Nc3 d5 8. Ne5
Nbd7 9. Nxd7 Qxd7 10. Bg5 h6 11. Bxf6 Bxf6 12. cxd5 exd5 13. e3 Rfd8 14. Qh5
Bg5 15. Rac1 Bc6 16. Rc2 Bb7 17. h4 Be7 18. Rfc1 Rac8 19. Kh2 c6 20. Bh3 Qe8
21. Bxc8 Bxc8 22. Qf3 Rd6 23. Qg2 Rg6 24. Nxd5 Bxh4 25. Nf4 Rg4 26. Qxc6 Bd7
27. Qf3 Bg5 28. Rc7 f5 29. Qd5+ Be6 30. Qxe6+ Qxe6 31. Nxe6 Bf6 32. Rxa7 Re4
33. Rc8+ Kh7 34. Nf8+ Kg8 35. Nd7+ Kf7 36. Nxf6+ Kxf6 37. Rc6+ Kg5 38. Rxg7+
Kh5 39. Kh3 f4 1-0

[Event "9. Open Club Ajedrez Ciudad los Angeles"]
[Site "Madrid ESP"]
[Date "2015.03.29"]
[Round "1.10"]
[White "Caño Nieto, Jose Luis"]
[Black "Cuellar Gutierrez, Raul"]
[Result "1-0"]
[WhiteElo "1545"]
[BlackElo "1781"]
[PlyCount "63"]
[EventDate "2015.03.29"]
[EventType "swiss"]
[EventRounds "9"]
[EventCountry "ESP"]
[Source "lmi"]
[SourceDate "2015.03.29"]

1. d4 d5 2. Bf4 Nf6 3. e3 e6 4. Nf3 Nc6 5. Be2 Bd7 6. O-O Be7 7. a3 O-O 8. h3
Re8 9. Nbd2 Bf8 10. c4 Ne7 11. c5 Ng6 12. Be5 Ne4 13. Bd3 Nxd2 14. Qxd2 Nxe5
15. Nxe5 f6 16. Nxd7 Qxd7 17. b4 e5 18. dxe5 fxe5 19. e4 dxe4 20. Bc4+ Qe6 21.
Bxe6+ Rxe6 22. Qd5 Rae8 23. Qxe4 c6 24. Rad1 R8e7 25. Rd3 Rf6 26. Qc4+ Kh8 27.
Rfd1 Ref7 28. f3 Rf4 29. Qb3 g6 30. Rd7 R7f5 31. Rxb7 e4 32. Rdd7 1-0

[Event "9. Open Club Ajedrez Ciudad los Angeles"]
[Site "Madrid ESP"]
[Date "2015.03.29"]
[Round "1.11"]
[White "Martinez De Navascues, Francis"]
[Black "Jimenez Manzano, Emiliano"]
[Result "1-0"]
[WhiteElo "1776"]
[BlackElo "1517"]
[PlyCount "39"]
[EventDate "2015.03.29"]
[EventType "swiss"]
[EventRounds "9"]
[EventCountry "ESP"]
[Source "lmi"]
[SourceDate "2015.03.29"]

1. b3 e5 2. Bb2 Nc6 3. e3 Nf6 4. c4 b6 5. Nf3 d6 6. Be2 Be7 7. O-O O-O 8. d4
exd4 9. Nxd4 Qd7 10. Nxc6 Qxc6 11. Bf3 d5 12. cxd5 Qd6 13. Ba3 c5 14. dxc6 Qxd1
15. Rxd1 Bxa3 16. Nxa3 Bg4 17. Bxg4 Nxg4 18. Rac1 Rfd8 19. Rxd8+ Rxd8 20. c7
1-0

[Event "9. Open Club Ajedrez Ciudad los Angeles"]
[Site "Madrid ESP"]
[Date "2015.03.29"]
[Round "1.12"]
[White "Ortiz Alonso, Carlos"]
[Black "Canseco Arenas, Alfonso"]
[Result "0-1"]
[WhiteElo "1359"]
[BlackElo "1752"]
[PlyCount "98"]
[EventDate "2015.03.29"]
[EventType "swiss"]
[EventRounds "9"]
[EventCountry "ESP"]
[Source "lmi"]
[SourceDate "2015.03.29"]

1. e4 c5 2. Nc3 Nc6 3. Bb5 a6 4. Bxc6 bxc6 5. f4 d5 6. Nf3 Bg4 7. O-O Nf6 8. d3
e6 9. h3 Bxf3 10. Qxf3 Be7 11. e5 Nd7 12. b3 O-O 13. Bb2 Qc7 14. Rae1 a5 15. a4
Rab8 16. Kh1 Nb6 17. Nd1 d4 18. Nf2 Nd5 19. Ne4 Qd7 20. Qh5 Ne3 21. Rf2 Nf5 22.
Kh2 g6 23. Qe2 h5 24. Rg1 Kg7 25. Qe1 Qa7 26. g3 Rh8 27. Rfg2 h4 28. Bc1 hxg3+
29. Nxg3 Nxg3 30. Rxg3 Bh4 31. f5 exf5 32. Bg5 Bxg3+ 33. Rxg3 Rh5 34. Bf6+ Kh7
35. Qd1 Qd7 36. Rg5 Rxg5 37. Bxg5 f4 38. Qe1 Qf5 39. Qh4+ Kg8 40. Bf6 Qh5 41.
Qe1 Qf3 42. Qh4 Qg3+ 43. Qxg3 fxg3+ 44. Kxg3 Kf8 45. Kg4 Ke8 46. Kg5 Kd7 47.
Kh6 Ke6 48. Kg7 Rb7 49. h4 Rd7 0-1

[Event "9. Open Club Ajedrez Ciudad los Angeles"]
[Site "Madrid ESP"]
[Date "2015.03.29"]
[Round "1.13"]
[White "Ruiz Castro, Manuel"]
[Black "Vallespin Morales, Antonio"]
[Result "1-0"]
[WhiteElo "1729"]
[BlackElo "1353"]
[PlyCount "151"]
[EventDate "2015.03.29"]
[EventType "swiss"]
[EventRounds "9"]
[EventCountry "ESP"]
[Source "lmi"]
[SourceDate "2015.03.29"]

1. e4 c5 2. Nf3 e6 3. Nc3 a6 4. d4 cxd4 5. Nxd4 Qc7 6. Be3 Bb4 7. Bd2 Be7 8.
Bd3 Nf6 9. h3 O-O 10. O-O b5 11. a3 Bb7 12. Re1 d6 13. Qe2 Nbd7 14. Bg5 Ne5 15.
Nf3 Nxd3 16. cxd3 Rac8 17. Rac1 Qd7 18. d4 Rfe8 19. Nh2 h6 20. Bh4 Nh7 21. Bxe7
Qxe7 22. Qe3 Qg5 23. Qxg5 Nxg5 24. f4 Nh7 25. Ng4 h5 26. Nf2 Rc4 27. Ne2 Rec8
28. Rxc4 Rxc4 29. Rc1 Rxc1+ 30. Nxc1 Nf6 31. e5 dxe5 32. dxe5 Nd5 33. Ncd3 Ne3
34. Nc5 Bc8 35. Nfd3 Nd5 36. Kf2 f6 37. Kf3 fxe5 38. fxe5 Kf7 39. g4 hxg4+ 40.
Kxg4 Kg6 41. Ne4 Ne3+ 42. Kf3 Nc4 43. Kf4 Kh5 44. Nd6 Bd7 45. Nc5 Bc6 46. Nxe6
Nxb2 47. Nxg7+ Kh4 48. Ngf5+ Kxh3 49. Nd4 Nd3+ 50. Kf5 Bd7+ 51. e6 Bxe6+ 52.
Nxe6 b4 53. a4 a5 54. Nf4+ Nxf4 55. Kxf4 b3 56. Nc4 Kg2 57. Ke3 Kg3 58. Kd3 Kf4
59. Nxa5 b2 60. Kc2 b1=Q+ 61. Kxb1 Ke5 62. Nb3 Kd6 63. Kc2 Kc6 64. Kc3 Kb6 65.
a5+ Kb5 66. Kd4 Ka6 67. Kd5 Kb7 68. Kd6 Ka6 69. Kc6 Ka7 70. Kb5 Ka8 71. Kb6 Kb8
72. a6 Ka8 73. Nd4 Kb8 74. Ne6 Ka8 75. Nc7+ Kb8 76. a7+ 1-0

[Event "9. Open Club Ajedrez Ciudad los Angeles"]
[Site "Madrid ESP"]
[Date "2015.03.29"]
[Round "1.14"]
[White "Santacruz Sanchez, Jose Luis"]
[Black "Santos Rodriguez, Jose"]
[Result "0-1"]
[WhiteElo "1196"]
[BlackElo "1726"]
[PlyCount "88"]
[EventDate "2015.03.29"]
[EventType "swiss"]
[EventRounds "9"]
[EventCountry "ESP"]
[Source "lmi"]
[SourceDate "2015.03.29"]

1. e4 c5 2. c3 Nc6 3. Nf3 d6 4. Bb5 Bd7 5. O-O Nf6 6. d3 e6 7. Bg5 Be7 8. Re1
a6 9. Ba4 O-O 10. Nbd2 Qc7 11. Nf1 Rfe8 12. Bf4 e5 13. Be3 h6 14. Ng3 b5 15.
Bb3 Na5 16. d4 c4 17. Bc2 Rad8 18. Nf5 Bxf5 19. exf5 e4 20. Nd2 d5 21. f3 Bd6
22. Nf1 Nc6 23. Bf2 b4 24. Bg3 a5 25. a4 bxa3 26. Rxa3 Qd7 27. Bxd6 Qxd6 28.
fxe4 dxe4 29. Ne3 Rb8 30. Nxc4 Qf4 31. Rf1 Qh4 32. h3 e3 33. Bd3 Nd5 34. Qf3
Rbd8 35. Re1 Qe7 36. Nxa5 Nxa5 37. Rxa5 Qd6 38. Bc4 Nf4 39. b4 Rc8 40. Rxe3
Rxe3 41. Qxe3 Rxc4 42. Rc5 Rxc5 43. dxc5 Qc7 44. Qg3 Ne2+ 0-1

[Event "9. Open Club Ajedrez Ciudad los Angeles"]
[Site "Madrid ESP"]
[Date "2015.03.29"]
[Round "1.15"]
[White "Bellod Thomas, Gonzalo"]
[Black "Sainz Pino, Fernando"]
[Result "0-1"]
[WhiteElo "1709"]
[BlackElo "1925"]
[PlyCount "78"]
[EventDate "2015.03.29"]
[EventType "swiss"]
[EventRounds "9"]
[EventCountry "ESP"]
[Source "lmi"]
[SourceDate "2015.03.29"]

1. d4 Nf6 2. Nf3 g6 3. c4 d5 4. cxd5 Nxd5 5. e4 Nf6 6. Nc3 Bg7 7. Bc4 O-O 8. e5
Ne8 9. O-O Bg4 10. Be3 Nc6 11. Be2 Kh8 12. Rc1 f6 13. exf6 exf6 14. d5 Bxf3 15.
Bxf3 Ne5 16. Be2 Nd6 17. Nb5 Nxb5 18. Bxb5 a6 19. Be2 Re8 20. Qb3 b6 21. Rc2
Bf8 22. Rfc1 Bd6 23. Bd4 Kg7 24. Bc3 Nd7 25. Bd4 Re4 26. Be3 Nc5 27. Bxc5 Bxc5
28. Bf3 Rb4 29. Qd3 Bd6 30. a3 Rb5 31. b4 Qd7 32. Qb3 a5 33. Rc4 Re8 34. Bg4 f5
35. Qc3+ Be5 36. Rxc7 Qxc7 37. Qxc7+ Bxc7 38. Rxc7+ Kh6 39. Bf3 Re1# 0-1

[Event "9. Open Club Ajedrez Ciudad los Angeles"]
[Site "Madrid ESP"]
[Date "2015.04.12"]
[Round "2.1"]
[White "Canseco Arenas, Alfonso"]
[Black "Aziz Ortego, Omar Luis"]
[Result "1/2-1/2"]
[WhiteElo "1752"]
[BlackElo "2089"]
[PlyCount "114"]
[EventDate "2015.03.29"]
[EventType "swiss"]
[EventRounds "9"]
[EventCountry "ESP"]
[Source "lmi"]
[SourceDate "2015.03.29"]

1. a3 c5 2. Nf3 g6 3. e4 Bg7 4. c4 Nc6 5. Nc3 d6 6. d3 Nh6 7. h3 f5 8. Be3 O-O
9. Qd2 Nf7 10. Rb1 Nd4 11. Be2 e5 12. Bxd4 exd4 13. Nd5 Bh6 14. Qc2 Be6 15. O-O
fxe4 16. dxe4 Kh8 17. b4 Qc8 18. b5 b6 19. Qd3 Qd7 20. Nh2 Ne5 21. Qg3 Bxd5 22.
exd5 d3 23. Bg4 Qf7 24. Be6 Qf4 25. Qxf4 Rxf4 26. g3 Rxc4 27. f4 Rf8 28. fxe5
dxe5 29. Rxf8+ Bxf8 30. d6 Rd4 31. d7 d2 32. Rd1 e4 33. Kf2 c4 34. Ke3 Bc5 35.
Rxd2 Rxd7+ 36. Ke2 Re7 37. Bxc4 Bxa3 38. Ng4 Re8 39. Rd7 Bb2 40. Rxa7 h5 41.
Nh6 Rf8 42. Nf7+ Kg7 43. Ng5+ Kh6 44. h4 Bg7 45. Ne6 Rc8 46. Rc7 Rxc7 47. Nxc7
Be5 48. Nd5 Bxg3 49. Nxb6 Bxh4 50. Nd5 g5 51. Ke3 g4 52. Kxe4 Kg5 53. b6 Bg3
54. b7 h4 55. Ne3 h3 56. Bf1 h2 57. Bg2 Bb8 1/2-1/2

[Event "9. Open Club Ajedrez Ciudad los Angeles"]
[Site "Madrid ESP"]
[Date "2015.04.12"]
[Round "2.2"]
[White "Rodriguez Dorado, Victor"]
[Black "Fernandez Bonilla, M. Arcangel"]
[Result "1/2-1/2"]
[WhiteElo "2034"]
[BlackElo "1802"]
[PlyCount "83"]
[EventDate "2015.03.29"]
[EventType "swiss"]
[EventRounds "9"]
[EventCountry "ESP"]
[Source "lmi"]
[SourceDate "2015.03.29"]

1. e4 c5 2. c3 d5 3. exd5 Qxd5 4. d4 cxd4 5. Nf3 Nc6 6. cxd4 e6 7. Be2 Nf6 8.
O-O Be7 9. Nc3 Qd8 10. Bf4 O-O 11. Rc1 a6 12. Qd2 Nb4 13. Rfd1 Nbd5 14. Be5 h6
15. Bd3 Bd7 16. Bb1 Bc6 17. Nxd5 Bxd5 18. Bc7 Qd7 19. Ne5 Qb5 20. Bd3 Qb4 21.
Qe2 Bd8 22. a3 Qe7 23. Bxd8 Rfxd8 24. Rc3 Rac8 25. Rdc1 Qe8 26. Qc2 Rxc3 27.
bxc3 b5 28. a4 Rc8 29. axb5 axb5 30. Qb2 Rb8 31. Rb1 Be4 32. c4 b4 33. f3 Bxd3
34. Nxd3 Qc6 35. Ne5 Qb7 36. c5 Nd5 37. Ra1 Ra8 38. c6 Qc8 39. Rc1 Qc7 40. Ra1
Qc8 41. Rc1 Qc7 42. Ra1 1/2-1/2

[Event "9. Open Club Ajedrez Ciudad los Angeles"]
[Site "Madrid ESP"]
[Date "2015.04.12"]
[Round "2.3"]
[White "Santos Rodriguez, Jose"]
[Black "Afana, Adham Jj"]
[Result "0-1"]
[WhiteElo "1726"]
[BlackElo "2009"]
[PlyCount "60"]
[EventDate "2015.03.29"]
[EventType "swiss"]
[EventRounds "9"]
[EventCountry "ESP"]
[Source "lmi"]
[SourceDate "2015.03.29"]

1. d4 d5 2. c4 e6 3. Nc3 Nf6 4. cxd5 exd5 5. Bg5 c6 6. e3 Bb4 7. Qc2 O-O 8. Bd3
h6 9. Bxf6 Qxf6 10. Nf3 Bd6 11. O-O Bg4 12. Be2 Re8 13. Rab1 Nd7 14. b4 Rac8
15. a4 b6 16. Rfc1 Bb8 17. Nxd5 cxd5 18. Qxc8 Rxc8 19. Rxc8+ Kh7 20. Bd3+ g6
21. Nd2 Qd6 22. Nf1 Nf6 23. Rc3 Bd7 24. b5 Ng4 25. f4 Nxe3 26. g3 Nxf1 27. Kxf1
Qf6 28. Rd1 Kg7 29. Bb1 Qe7 30. Ba2 Qb4 0-1

[Event "9. Open Club Ajedrez Ciudad los Angeles"]
[Site "Madrid ESP"]
[Date "2015.04.12"]
[Round "2.4"]
[White "Lopez Ziegler, Carlos"]
[Black "Martinez De Navascues, Francis"]
[Result "1/2-1/2"]
[WhiteElo "1970"]
[BlackElo "1776"]
[PlyCount "40"]
[EventDate "2015.03.29"]
[EventType "swiss"]
[EventRounds "9"]
[EventCountry "ESP"]
[Source "lmi"]
[SourceDate "2015.03.29"]

1. e4 e6 2. d4 d5 3. exd5 exd5 4. Nf3 Nf6 5. Bd3 Bd6 6. Bg5 Bg4 7. Nbd2 h6 8.
Be3 Qd7 9. c3 O-O 10. Qc2 Re8 11. O-O-O a5 12. h3 Bxf3 13. gxf3 b5 14. Rdg1 Kf8
15. Nf1 Nh5 16. Rg4 Nf6 17. Rgg1 Nh5 18. Rg4 Nf6 19. Rgg1 Nh5 20. Rg4 Nf6
1/2-1/2

[Event "9. Open Club Ajedrez Ciudad los Angeles"]
[Site "Madrid ESP"]
[Date "2015.04.12"]
[Round "2.5"]
[White "Sainz Pino, Fernando"]
[Black "Largo Barbero, Benito"]
[Result "1/2-1/2"]
[WhiteElo "1925"]
[BlackElo "1961"]
[PlyCount "104"]
[EventDate "2015.03.29"]
[EventType "swiss"]
[EventRounds "9"]
[EventCountry "ESP"]
[Source "lmi"]
[SourceDate "2015.03.29"]

1. e4 e6 2. d4 d5 3. e5 c5 4. c3 Nc6 5. Nf3 Nh6 6. Be2 f6 7. O-O Nf7 8. Bf4 g5
9. Bg3 f5 10. h3 h5 11. Na3 Rg8 12. Nc2 f4 13. Bh2 g4 14. Bxf4 gxf3 15. Bxf3
Ng5 16. Bxh5+ Kd7 17. Bg4 Bh6 18. Be3 Qf8 19. Bxg5 Bxg5 20. f4 Bh4 21. f5 Qh6
22. fxe6+ Kc7 23. Rf7+ Ne7 24. Qf3 Bxe6 25. Bxe6 Qxe6 26. Ne3 Rad8 27. Ng4 Kc8
28. Rf1 Ng6 29. c4 Rgf8 30. cxd5 Qxf7 31. Qxf7 Rxf7 32. Rxf7 Rxd5 33. Ne3 Rxd4
34. Nf5 Rd1+ 35. Kh2 Re1 36. Nxh4 Nxh4 37. Kg3 Ng6 38. Kf2 Rxe5 39. g4 a5 40.
Rg7 Re6 41. Kg3 b5 42. h4 b4 43. h5 Nf8 44. Ra7 Kd8 45. Rxa5 Rc6 46. g5 Ke7 47.
Ra7+ Ke6 48. g6 Nxg6 49. hxg6 Kf5 50. g7 Rg6+ 51. Kf3 Ke5 52. Re7+ Kd6 1/2-1/2

[Event "9. Open Club Ajedrez Ciudad los Angeles"]
[Site "Madrid ESP"]
[Date "2015.04.12"]
[Round "2.6"]
[White "Pindado Campos, Raul"]
[Black "Ruiz Castro, Manuel"]
[Result "1-0"]
[WhiteElo "1919"]
[BlackElo "1729"]
[PlyCount "97"]
[EventDate "2015.03.29"]
[EventType "swiss"]
[EventRounds "9"]
[EventCountry "ESP"]
[Source "lmi"]
[SourceDate "2015.03.29"]

1. d4 c5 2. dxc5 Qa5+ 3. Nc3 Qxc5 4. Nf3 d6 5. e4 Nf6 6. Be3 Qa5 7. Qd2 a6 8.
Bc4 Qc7 9. Bb3 Nc6 10. Bg5 Bg4 11. Bxf6 Bxf3 12. Bxg7 Bxg7 13. gxf3 Nd4 14.
O-O-O Nxb3+ 15. axb3 Bxc3 16. Qxc3 Qxc3 17. bxc3 Rg8 18. Rhg1 Kd7 19. Rg3 Ke6
20. Rd5 b6 21. Rh5 Rh8 22. Rh6+ f6 23. Kd2 Kf7 24. Rgh3 b5 25. Rxh7+ Rxh7 26.
Rxh7+ Ke6 27. Rh3 a5 28. Kc1 Rg8 29. Rg3 Rh8 30. h3 Ke5 31. Kb2 e6 32. Ka3 f5
33. exf5 exf5 34. Kb2 Kf6 35. f4 Re8 36. Rd3 Re4 37. Rxd6+ Ke7 38. Rd4 Re2 39.
Rd5 Kf6 40. f3 Rf2 41. Rd6+ Ke7 42. Rd3 Rh2 43. Rd5 Ke6 44. Rxb5 Rxh3 45. Rxa5
Rxf3 46. Ra4 Re3 47. Rd4 Ke7 48. b4 Re6 49. c4 1-0

[Event "9. Open Club Ajedrez Ciudad los Angeles"]
[Site "Madrid ESP"]
[Date "2015.04.12"]
[Round "2.9"]
[White "Lobato Rivero, Carlos"]
[Black "Caño Nieto, Jose Luis"]
[Result "1/2-1/2"]
[WhiteElo "2030"]
[BlackElo "1545"]
[PlyCount "59"]
[EventDate "2015.03.29"]
[EventType "swiss"]
[EventRounds "9"]
[EventCountry "ESP"]
[Source "lmi"]
[SourceDate "2015.03.29"]

1. e4 e5 2. Nf3 Nc6 3. Bc4 d6 4. h3 Be7 5. d4 exd4 6. Nxd4 Nxd4 7. Qxd4 Nf6 8.
Nc3 O-O 9. Be3 a6 10. a4 h6 11. O-O Be6 12. Be2 Nh7 13. f4 Bf6 14. Qd2 Qc8 15.
g4 Bh4 16. f5 Bd7 17. Nd5 Re8 18. Bf3 Bc6 19. c4 Bxd5 20. exd5 Bg5 21. Rae1
Bxe3+ 22. Rxe3 Rxe3 23. Qxe3 Qd8 24. Re1 Qh4 25. Kh2 Nf6 26. Qd2 Nd7 27. Re3
Ne5 28. b3 Qg5 29. Qe2 Re8 30. Kg3 1/2-1/2